| 000 | 01020nam a2200313 a 4500 | ||
|---|---|---|---|
| 001 | 77135 | ||
| 003 | BD-RjUL | ||
| 005 | 20211209082929.0 | ||
| 008 | 200226s1987 enk 001 0 eng d | ||
| 020 | _a0333379578 pbk | ||
| 020 | _a033337956X | ||
| 035 | _a(OCoLC)17772487 | ||
| 035 | _a(BD-RjUL)77359 | ||
| 040 |
_aBD-RjUL _beng _cBD-RjUL |
||
| 041 | _aeng | ||
| 082 |
_223 _a821.912 _bHIW 1987 |
||
| 100 | 1 | 0 |
_aHinchliffe, Arnold P., _d1930- _9179631 |
| 245 | 1 | 4 |
_aThe waste land and Ash Wednesday / _cArnold P. Hinchliffe |
| 260 |
_aBasingstoke : _bMacmillan, _c1987 |
||
| 300 |
_a87 p. ; _c23 cm. |
||
| 490 | 1 | _aThe critics debate | |
| 504 | _aBibliography: p81-83. - Includes index | ||
| 600 | 1 | 0 |
_aEliot, T. S. _q(Thomas Stearns), _d1888-1965. _tAsh-Wednesday. _9239886 |
| 600 | 1 | 0 |
_aEliot, T. S. _q(Thomas Stearns), _d1888-1965. _tWaste land. _9239887 |
| 830 | 0 |
_aCritics debate (Houndmills, Basingstoke, England) _9239888 |
|
| 942 |
_2ddc _cBK |
||
| 999 |
_c77135 _d77135 |
||